The European Design and Test Conference ED&TC 1995 : user forum

Gespeichert in:
Bibliographische Detailangaben
Format: Buch
Sprache:Englisch
Veröffentlicht: Los Alamitos : IEEE Computer Society, 1995
Tags: Tag hinzufügen
Keine Tags, Fügen Sie das erste Tag hinzu!

MARC

LEADER 00000nam a22000003a 4500
001 stu275646
005 20141123190925.2
008 131003s--------xxu-----------------eng-d
040 |a STU  |b slo 
041 0 |a eng 
044 |a xxu 
245 |a The European Design and Test Conference ED&TC 1995 :  |b user forum 
260 |a Los Alamitos :  |b IEEE Computer Society,  |c 1995 
300 |a 262 p 
996 |c I*Z7754  |l I  |s A  |a 24  |w stu275646_0001